000 00321nam a2200133Ia 4500
005 20251222153539.0
008 251222s9999||||xx |||||||||||||| ||spa||
082 _a343.65/C34
100 _aCastillo Aragón, Jorge Isaac
245 0 _aContrataciones del Estado:
250 _a7ma. ed.
264 _bffcaat
942 _cLIB
999 _c30404
_d30404